000
00266nam a2200109Ia 4500
008
200302s9999 xx 000 0 und d
100
_a
Dr. M.A. Nayeem
245
_a
The Royal Palaces Of the Nizams
260
_b
Hyderabad Publishers
260
_c
2009
300
_a
398 P
999
_c
4316
_d
4316